Algunos conceptos sobre el nuevo código aduanero (Registro nro. 23698)

Detalles MARC
000 -LEADER
fixed length control field 00344 a2200109 4500
001 - CONTROL NUMBER
control field ART_9578
005 - DATE AND TIME OF LATEST TRANSACTION
control field 20260410161836.0
008 - FIXED-LENGTH DATA ELEMENTS--GENERAL INFORMATION
fixed length control field 260409a
100 1# - MAIN ENTRY--PERSONAL NAME
Personal name Fratalocchi, Aldo
245 10 - TITLE STATEMENT
Title Algunos conceptos sobre el nuevo código aduanero
773 0# - HOST ITEM ENTRY
Title Contabilidad y administración
Related parts - Año 5, Nº 50 (ago. 1981)
Record control number REV5485

No hay ítems disponibles.